000 01258naa a2200325 c 4500
999 _c48988
_d48988
001 48988
003 ES-MaCES
005 20170307131447.0
008 170307s2017 us ||||| t||||||| ||eng d
040 _aES-MaCES
_bspa
_cES-MaCES
_dES-MaCES
100 1 _921575
_aQuintana García, Cristina
245 1 4 _aThe effect of the external labor market on the gender pay gap among executives
_cCristina Quintana-García, Marta M. Elvira
500 _aResumen
504 _aBibliografía: p. 156-159
650 4 _928657
_amujeres
650 4 _928413
_atrabajadora
650 4 _928192
_aalta dirección
650 4 _927293
_aliderazgo
650 4 _928390
_asistema de remuneración
650 4 _929458
_adiferencia del salario
650 4 _929521
_adiscriminación por razones de sexo
650 4 _930649
_aigualdad de oportunidades en el empleo
650 4 _930147
_aigualdad de trato
650 4 _928373
_aEstados Unidos
653 1 0 _aMujer
700 1 _937865
_aElvira, Marta M.
773 0 _985727
_dNew York (Ithaca, 14853-3901) Cornell University
_o088625
_tIndustrial and labor relations review
_w(ES-MaCES)25696
_gvol. 70, no. 1 (Jan. 2017) {10695 R. 088625} ;p. 132-159
902 _aART Artículo de revista
942 _2CES
_cAR
_h3.3.